00663nam a2200193Ia 4500003000900000008004100009040001600050080001500066110003900081245011800120260005000238300000900288650001900297650001100316650002700327942000700354999001500361952009300376IN-BaIIA211028s9999 xx 000 0 eng d cIIA Library a83.51bISI aIndian Standards Institution93286 0aIndian standards conversion tables for ordinary usecIndian Standards Institution  aNew DelhibIndian Standards Institutionc1957 a28p. aNASA Thesaurus aTables aTables Standards93287 cBK c1661d1661 00104070aBANbKODcGENd0000-00-00l0o083.510/ ISIp1822r2021-11-05w0000-00-00yBK